000 00440nam a2200181Ia 4500
001 20728
005 20260306172827.0
008 260306t2005||||xx |||||||||||||| ||spa||
041 _aESP
082 _a343.7
_bP83
100 _aDel Pozo. Claudia
_eAUT
245 0 _aControl difuso y procedimiento administrativo
260 _c2005
300 _a195 páginas :
_c20 cm.
650 _aGEN
654 _aCDE
942 _cLIB
_dJUS
_fJUS
_2ddc
_n
999 _c20728
_d20728